| LEADER 00000nam 2200000uu 4500 |
| 008 120516s||||||||th 000 0 tha d |
| 024 ^a9786162351034
|
| 040 ^abcnkk.
|
| 041 0 ^atha.
|
| 060 0 อ LB2822.75 ค695 2554-2558.
|
| 100 0 ^aสำนักงานรับรองมาตรฐานและประเมินคุณภาพการศึกษา(องค์การมหาชน).
|
| 245 00 ^aคู่มือการประเมินคุณภาพภายนอกรอบสาม (พ.ศ.2554-2558)ระดับอุดมศึกษาฉบับสถานศึกษา(แก้ไขเพิ่มเติม พฤศจิกายน พ.ศ.2554)/^สำนักงานรับรองมาตรฐานและประเมินคุณภาพการศึกษา(องค์การมหาชน).c
|
| 246 0 ^aoffice for national education standards and quality assessment (Public Organization).
|
| 260 ^aกรุงเทพฯ:^bสำนักงานรับรองมาตรฐานและประเมินคุณภาพการศึกษา(องค์การมหาชน)^c2555.
|
| 300 ^a92 หน้า.
|
| 650 0 ^aการศึกษาขั้นอุดมศึกษา--^xการบริหาร--^yคู่มือ.
|
| 650 0 ^aประกันคุณภาพการศึกษา--^xมาตรฐาน--^yการประเมิน.
|
| 700 0 ^aนาวิน วิทยากรณ์.
|
| 700 0 ^aนภาภร ส่งแสง.
|
| 700 0 ^aสุชญา สังข์จรูญ.
|
| 999 ^aใช้งานได้ทุกระบบ
|